000 00640nam a22001937a 4500
005 20140911160144.0
010 _aENG-110821
020 _a9788189630805
_c995.00
035 _aEN-94353
037 _bDBAD/PUB
082 _a352.88095492
245 _aRight to information and good governance /
_cedited by Suresh R.
260 _aNew Delhi
_bGlobal Research Publications
_c2013
270 _a4800/24, 1st floor, Ansari Road, Daryaganj
_bNew Delhi
_e110002
300 _axxviii,258p.
_c22cm(Hb)
500 _aIncludes bibliographical references and index
700 _aSuresh R.
942 _2ddc
_cEN
_mSUR
_h352.88095492
999 _c88527
_d88527